000 00473nam a22001812 4500
001 0000005561
005 20151217160107.0
008 070618s xx 000 0 eng d
040 _aKABU
_cKABU
050 0 _aPZ7
_b.M3S25
100 1 _aMabura, Lily.
_@0000156822
245 1 0 _aSaleh Kanta and the cavaliers.
260 _aNairobi :
_bPhoenix,
_c2005.
300 _a63 p.
908 _a070618
950 _@1
999 _c14129
_d14129